| 000 | 00887nam a2200229Ii 4500 | ||
|---|---|---|---|
| 003 | JO-AjNU | ||
| 008 | 230605s9999||||xx |||||||||||||| ||und|| | ||
| 017 | _a2016/7/3031 | ||
| 020 | _a978-9957-594-75-6 | ||
| 040 |
_aJO-AjNU _bara _erda _cJO-AjNU |
||
| 041 | _aara | ||
| 050 | 1 | 4 | _aKBP524.K52.2017 |
| 100 | 3 |
_aالخالدي، نعمة خلف سليمان, _eauthor _956720 |
|
| 245 | 0 | 0 | _aتصرف الزوج بمال الزوجة حدودة وضوابطه: دراسة فقهية مقارنة |
| 250 | _aط1 | ||
| 264 | 3 | 1 | _aعمان: دار الجنان، 2017 |
| 300 |
_a264ص _bيشتمل على قائمة المصادروالمراجع الببلوغرافية ص (235-262) |
||
| 336 |
_atext _btxt _2rdacontent |
||
| 337 |
_aunmediated _bn _2rdamedia |
||
| 338 |
_avolume _bnc _2rdacarrier |
||
| 650 | 4 |
_aالاموال -- الفقه الاسلامي -- الزواج _956721 |
|
| 999 |
_aA25376 _c28944 _d28944 |
||